| 000 | 00703nam a22002057a 4500 | ||
|---|---|---|---|
| 999 |
_c9416 _d9416 |
||
| 003 | AR-CdUCM | ||
| 008 | 190328b ||||| |||| 00| 0 spa d | ||
| 040 |
_aMUNICIPALIDAD PROVINCIAL DEL CUSCO _cBIBLIOTECA MUNICIPAL DEL CUSCO |
||
| 082 |
_a344 / _bO73 |
||
| 100 |
_aOrtiz Muñoz, Pedro _925589 |
||
| 245 | _aNociones generales de derecho penal / | ||
| 260 |
_aSantiago : _bNascimiento, _c1933 |
||
| 300 |
_a219 páginas ; _c23 cm. |
||
| 505 | _aContenido : Acción -- Acto de ejecución -- Agresión -- Autores -- Autorización especial -- Banda -- Capacidad disminuida ... | ||
| 650 |
_aDerecho _9739 |
||
| 650 |
_aPenal _925590 |
||
| 650 |
_aProcesos _98713 |
||
| 942 |
_2ddc _cLIBROS |
||
| 945 | _arah | ||